Statistics for Gilmore Girls Name Game

Click here to take the quiz!

General Stats

  • This quiz has been taken 53 times
    (51 since last reset)
  • The average score is 27 of 51

Answer Stats

HintAnswer% Correct
Gilmore (grandmother)Emily
100%
Gilmore (mother)Lorelai
100%
Gilmore (grandfather)Richard
100%
Gilmore (daughter)Rory
100%
DanesLuke
98%
St. JamesSookie
95%
Kim (daughter)Lane
90%
MarianoJess
88%
Huntzberger (son)Logan
88%
MedinaMax
83%
GellerParis
83%
DooseTaylor
83%
Danes (sister)Liz
80%
Belleville (husband)Jackson
78%
Gilmore (great-grandmother)Lorelai "Trix"
76%
GerardMichel
76%
Forester (son)Dean
73%
Hayden (father)Christopher
68%
Hayden (daughter)Georgia "Gigi"
66%
Kim (mother)Mrs
66%
NardiniApril
63%
GleasonKirk
63%
Belleville (son)Davey
59%
Stiles (son)Jason
56%
GrantLouise
54%
Huntzberger (father)Mitchum
54%
DugrayTristan
54%
Forester (daughter)Clara
51%
RygalskiDave
51%
LynnMadeline
51%
Belleville (daughter)Martha
51%
Dell (wife)Babette
49%
FlemmingAsher
39%
Dell (husband)Morey
39%
Huntzberger (sister)Honor
37%
Hayden (grandmother)Francine
29%
Hayden (grandfather)Straub
29%
TinsdaleSherry
27%
Stiles (father)Floyd
22%
Huntzberger (wife)Shira
20%
ReverendSkinner
17%
McMasterDoyle
15%
Huntzberger (great-grandfather)Elias
12%
LottPenilynn
12%
McCraeColin
10%
JarvisFrancie
10%
ListerLindsay
10%
LesmanAlex
5%
KuschnerLulu
5%
DuncanCarrie
2%
LaCostaPatty
2%

Score Distribution

Percentile by Number Answered

Percent of People with Each Score

Your Score History

You have not taken this quiz since the last reset